County Clare Quiz - Statistics

General Stats
  • This quiz has been taken 18 times
  • The average score is 12 of 20
Answer Stats
Hint Answer % Correct
County town of Clare Ennis
100%
Province that Clare is in Munster
100%
Town which hosts an annual Matchmakers festival Lisdoonvarna
86%
The airport which had the first duty free shop in the world Shannon Airport
86%
Iconic cliffs, visited by over 1.5 million tourists annually Cliffs of Moher
79%
Bordering counties Galway
79%
15th Century castle, which is a major tourist attraction and has a folk village attached Bunratty Castle
71%
Bordering counties Limerick
71%
GAA nickname for Clare The Banner County
71%
This National Park, the smallest in Ireland, is noted for its wildflowers and karst landscape The Burren
71%
Name of Ennis GAA grounds, the surname of GAA founder Cusack Park
64%
This comedy series, set on a fictional island, had its outdoor scenes mostly filmed here Father Ted
64%
Bordering counties Tipperary
64%
These caves hosts over 100,000 visitors annually Ailwee Caves
50%
The Great Stalactite in these caves is said to be the largest in the Northern hemisphere Doolin Caves
43%
Author of then-scandalous novels about Irish life including "The Country Girls" Edna O'Brien
36%
Archaeological open air museum which includes a reconstruction of a crannog, and the Brendan Boat Craggaunowen
21%
The above town was also well known for an annual ... festival Music
14%
TV presenter for over 40 years in Britain (Match of the Day, Wimbledon, Countdown) Des Lynam
7%
There are many megalithic tombs in Clare, including the most famous one at Poulnabrone, known as ... Dolmens
7%
No matching quizzes found
Score Distribution
Percent of People with Each Score
Percentile by Number Answered
Your Score History
You have not taken this quiz